Images That Rhyme with 'OWE' Quiz Stats

 Plays Quiz Updated Oct 30, 2018

Score 0/24 Timer 02:00
6 Plays Today
% Correct
toe
98.5%
bow
98.1%
mow
97.5%
blow
97.4%
snow
96.4%
tow
96.1%
dough
95.6%
throw
94.8%
crow
94.1%
row
94.1%
doe
93.6%
glow
91.4%
% Correct
sew
83.6%
hoe
81.4%
Moe (Howard)
73.1%
(Edgar Allan) Poe
66.8%
roe
62%
(Rob) Lowe
61.1%
Joe (Pesci)
58%
floe
41.5%
(John) Cho
41.2%
rho
35.6%
go
32.1%
sloe
16%

You're not logged in!

Compare scores with friends on all Sporcle quizzes.
OR
Log In

Show Comments

Extras

Top Quizzes Today


Score Distribution

Your Account Isn't Verified!

In order to create a playlist on Sporcle, you need to verify the email address you used during registration. Go to your Sporcle Settings to finish the process.

Report this User

Report this user for behavior that violates our Community Guidelines.

Details: